|
|
|
|
| LEADER |
00000nam a22000007a 4500 |
| 005 |
20210218230734.0 |
| 007 |
cr|||| |||| |
| 008 |
210218s2001 us |||||s|||| 00||0 eng d |
| 020 |
|
|
|a 978-0-76230-800-2
|
| 035 |
|
|
|a 31995
|
| 040 |
|
|
|a vLex
|
| 090 |
|
|
|c 11185
|d 11185
|
| 100 |
1 |
|
|a Van Hoy, Jerry
|
| 245 |
1 |
0 |
|a Legal Professions
|h [Recurso electrn̤ico] :
|b Work, Structure and Organization /
|c Jerry Van Hoy
|
| 256 |
|
|
|a Servicio en ln̕ea
|
| 260 |
|
|
|a Bingley:
|b Emerald Group Publishing Limited,
|c 2001
|
| 300 |
|
|
|a 1 recurso electrn̤ico
|
| 506 |
1 |
|
|a Disponible solo en los productos indicados
|d vLex Global
|d vLex Global (Academic Edition, excluding Law Schools)
|d vLex Global (Academic Edition, Law Schools)
|
| 650 |
0 |
4 |
|a Ciencias sociales
|z Estados Unidos
|
| 740 |
0 |
|
|a vLex Libros (Servicio en ln̕ea)
|
| 856 |
4 |
0 |
|u http://vlex.com/source/31995
|z Acceso restringido
|
| 942 |
|
|
|c BOOK
|
| 999 |
0 |
|
|a Social Sciences
|